[Event "1st Novi Sad it"]
[Site "Novi Sad"]
[Date "1972.11.06"]
[EventDate "1972.10.23"]
[Round "13.5"]
[White "Masic, Ljubomir"]
[Black "Planinc, Albin"]
[Result "0-1"]
[WhiteElo "2390"]
[BlackElo "2520"]
[PlyCount "60"]
[Source "Perpetual Check"]

1. Nf3 g6 2. d4 Bg7 3. e4 d6 4. Bc4 Nf6 5. Qe2 O-O 6. O-O c6 7. Bb3 d5 8. Nbd2
b6 9. Rd1 a5 10. a4 Ba6 11. Qe1 e6 12. c4 Ra7 13. Ne5 Ne8 14. Ndf3 Kh8 15. cxd5
exd5 16. exd5 cxd5 17. Bf4 f6 18. Nd3 Nc6 19. Rac1 Ne7 20. Bg3 Bh6 21. Nf4 Ng7
22. Rc3 Nef5 23. Ne6 Nxe6 24. Qxe6 Re8 25. Qc6 Be2 26. Re1 Rae7 27. Bc7 Bxf3
28. Rxe7 Rxe7 29. gxf3 Re1+ 30. Kg2 Nh4+ 0-1

[Event "1st Novi Sad it"]
[Site "Novi Sad"]
[Date "1972.11.06"]
[EventDate "1972.10.23"]
[Round "13.7"]
[White "Rossolimo, Nicolas"]
[Black "Rakic, Tomislav"]
[Result "1/2-1/2"]
[WhiteElo "2450"]
[BlackElo "2440"]
[PlyCount "56"]
[Source "Perpetual Check"]

1. b3 e5 2. Bb2 Nc6 3. e3 d5 4. Bb5 Bd6 5. f4 Qe7 6. Nf3 Bg4 7. h3 Bxf3 8. Qxf3
Nf6 9. O-O O-O 10. Bxc6 bxc6 11. fxe5 Bxe5 12. Bxe5 Qxe5 13. Nc3 Rad8 14. Qf4
Qe7 15. Qa4 Qc5 16. Rf5 Rfe8 17. Raf1 Re6 18. Qh4 Qe7 19. Qf4 c5 20. Qf3 d4 21.
exd4 cxd4 22. Nd5 Nxd5 23. Rxd5 f6 24. Rxd8+ Qxd8 25. Qb7 a6 26. Qb4 Rc6 27. c3
dxc3 28. dxc3 Qf8 1/2-1/2

[Event "1st Novi Sad it"]
[Site "Novi Sad"]
[Date "1972.11.06"]
[EventDate "1972.10.23"]
[Round "13.8"]
[White "Lengyel, Levente"]
[Black "Benko, Pal"]
[Result "1/2-1/2"]
[WhiteElo "2455"]
[BlackElo "2515"]
[PlyCount "113"]
[Source "Perpetual Check"]

1. Nf3 Nf6 2. c4 d6 3. g3 e5 4. Bg2 c6 5. Nc3 g6 6. O-O Bg7 7. d4 Nbd7 8. e4
O-O 9. h3 a6 10. Be3 Qe7 11. Qc2 Re8 12. c5 dxc5 13. dxe5 Nxe5 14. Nxe5 Qxe5
15. Na4 Qh5 16. Nb6 Bxh3 17. Nxa8 Rxa8 18. Qxc5 Qxc5 19. Bxc5 Bxg2 20. Kxg2
Nxe4 21. Be3 Nf6 22. Bd4 Nd5 23. Bxg7 Kxg7 24. Rfe1 a5 25. Rad1 h5 26. Re4 Kf8
27. Rc1 Ra6 28. Rc5 a4 29. a3 b5 30. Re1 Rb6 31. Rec1 Ne7 32. Rd1 Nd5 33. Re1
Ne7 34. Rce5 Rb7 35. R1e4 Rd7 36. Kf1 Rd1+ 37. Ke2 Rd7 38. Ke1 f6 39. Re6 Kf7
40. Kf1 g5 41. Kg2 Rc7 42. Rd6 Nc8 43. Rd8 Nb6 44. Rh8 Kg6 45. Re6 Kf5 46. Re2
Kg6 47. Kf1 Nc4 48. Ke1 Rd7 49. f4 gxf4 50. gxf4 Kf5 51. Rxh5+ Kxf4 52. Rf2+
Ke4 53. Rxf6 Nxb2 54. Re6+ Kd4 55. Rxc6 Re7+ 56. Kf1 Rf7+ 57. Kg1 1/2-1/2

[Event "1st Novi Sad it"]
[Site "Novi Sad"]
[Date "1972.11.07"]
[EventDate "1972.10.23"]
[Round "14.2"]
[White "Rakic, Tomislav"]
[Black "Lengyel, Levente"]
[Result "1/2-1/2"]
[WhiteElo "2440"]
[BlackElo "2455"]
[PlyCount "20"]
[Source "Perpetual Check"]

1. d4 Nf6 2. Nf3 g6 3. Nc3 d5 4. Bf4 Bg7 5. Qd2 h6 6. Ne5 c6 7. e4 dxe4 8. Bc4
e6 9. f3 exf3 10. gxf3 Nd5 1/2-1/2

[Event "1st Novi Sad it"]
[Site "Novi Sad"]
[Date "1972.11.07"]
[EventDate "1972.10.23"]
[Round "14.4"]
[White "Planinc, Albin"]
[Black "Deze, Anton"]
[Result "1-0"]
[WhiteElo "2520"]
[BlackElo "2395"]
[PlyCount "79"]
[Source "Perpetual Check"]

1. b3 c5 2. Bb2 Nc6 3. Nf3 d6 4. g3 e5 5. Bg2 g6 6. O-O Bg7 7. c4 Nge7 8. d3
O-O 9. Nc3 h6 10. Ne1 Be6 11. Nd5 Rb8 12. f4 f5 13. Qd2 Kh7 14. Nc2 Bc8 15.
Rae1 Nxd5 16. cxd5 Ne7 17. e4 Qc7 18. fxe5 dxe5 19. Ne3 b5 20. Rc1 Qb6 21. Qc3
c4 22. dxc4 bxc4 23. Ba3 f4 24. Bxe7 Re8 25. Kh1 Rxe7 26. Nxc4 Qa6 27. Qd2 g5
28. Na5 Rf7 29. Nc6 Ra8 30. Bf3 Bh3 31. Bg2 Bd7 32. gxf4 gxf4 33. Bf3 Bf6 34.
Rg1 Qb6 35. Bh5 Rg7 36. Rxg7+ Bxg7 37. Qg2 Be8 38. Bxe8 Rxe8 39. Rg1 Rg8 40.
Ne7 1-0

[Event "1st Novi Sad it"]
[Site "Novi Sad"]
[Date "1972.11.07"]
[EventDate "1972.10.23"]
[Round "14.6"]
[White "Byrne, Donald"]
[Black "Radulov, Ivan"]
[Result "1-0"]
[WhiteElo "2470"]
[BlackElo "2490"]
[PlyCount "95"]
[Source "Perpetual Check"]

1. g3 e5 2. c4 c5 3. Bg2 g6 4. Nc3 Bg7 5. e3 Nc6 6. Nge2 Nge7 7. O-O d6 8. d3
O-O 9. Rb1 Be6 10. Nd5 Qd7 11. Re1 Bh3 12. Bh1 Nxd5 13. cxd5 Ne7 14. b4 b6 15.
a4 Rac8 16. Qb3 Kh8 17. Bd2 f5 18. a5 g5 19. axb6 axb6 20. bxc5 dxc5 21. Qb5
Qd8 22. Qxb6 Nxd5 23. Qxd8 Rfxd8 24. Ba5 Rd7 25. Rec1 f4 26. exf4 exf4 27. Rb5
Ne7 28. gxf4 Rxd3 29. fxg5 Ng6 30. Be4 Rd6 31. Bxg6 Rxg6 32. Rbxc5 Rf8 33. Bd2
Rd6 34. Bc3 Rfd8 35. Bxg7+ Kxg7 36. f3 Rd2 37. Re5 h6 38. Rc7+ Kh8 39. Nf4 Bd7
40. gxh6 Rg8+ 41. Kf1 Rd4 42. Nd5 Bb5+ 43. Kf2 Rd2+ 44. Ke3 Rd3+ 45. Ke4 Rd1
46. Nf6 Bd3+ 47. Kf4 Rf8 48. Rf7 1-0

[Event "1st Novi Sad it"]
[Site "Novi Sad"]
[Date "1972.11.07"]
[EventDate "1972.10.23"]
[Round "14.7"]
[White "Maric, Rudolf"]
[Black "Minev, Nikolai"]
[Result "1/2-1/2"]
[WhiteElo "2425"]
[BlackElo "2430"]
[PlyCount "40"]
[Source "Perpetual Check"]

1. e4 c6 2. d4 d5 3. Nc3 dxe4 4. Nxe4 Nd7 5. Qe2 e6 6. Bf4 Ndf6 7. O-O-O Nxe4
8. Qxe4 Qd5 9. Qxd5 cxd5 10. Nf3 Nf6 11. Ne5 Be7 12. Bb5+ Nd7 13. Rd3 a6 14.
Bxd7+ Bxd7 15. Nxd7 Kxd7 16. Rb3 b5 17. a4 Bd6 18. Bxd6 Kxd6 19. axb5 axb5 20.
Kd2 Rhb8 1/2-1/2

[Event "1st Novi Sad it"]
[Site "Novi Sad"]
[Date "1972.11.09"]
[EventDate "1972.10.23"]
[Round "15.1"]
[White "Ivkov, Borislav"]
[Black "Lein, Anatoly"]
[Result "1/2-1/2"]
[WhiteElo "2520"]
[BlackElo "2530"]
[PlyCount "56"]
[Source "Perpetual Check"]

1. d4 d5 2. c4 e6 3. Nc3 Be7 4. Nf3 Nf6 5. Bg5 h6 6. Bh4 O-O 7. Rc1 Ne4 8. Bxe7
Qxe7 9. Qc2 Nxc3 10. Qxc3 c6 11. e3 Nd7 12. Be2 Re8 13. O-O dxc4 14. Bxc4 e5
15. e4 exd4 16. Nxd4 Nb6 17. Bb3 Bd7 18. Rfe1 Rac8 19. Qc5 Qxc5 20. Rxc5 Rcd8
21. f3 Bc8 22. Rd1 Nd7 23. Rcc1 Ne5 24. Kf2 g5 25. Rd2 Kf8 26. Rcd1 Ke7 27. Ke3
f6 28. a3 a6 1/2-1/2

[Event "1st Novi Sad it"]
[Site "Novi Sad"]
[Date "1972.11.09"]
[EventDate "1972.10.23"]
[Round "15.3"]
[White "Radulov, Ivan"]
[Black "Maric, Rudolf"]
[Result "1/2-1/2"]
[WhiteElo "2490"]
[BlackElo "2425"]
[PlyCount "97"]
[Source "Perpetual Check"]

1. e4 e6 2. d3 d5 3. Nd2 Nc6 4. Ngf3 Bd6 5. d4 dxe4 6. Nxe4 Nf6 7. Nxf6+ Qxf6
8. Bg5 Qf5 9. Bd3 Qa5+ 10. Bd2 Qh5 11. g4 Qxg4 12. Rg1 Qh3 13. Rxg7 Bd7 14. Qe2
O-O-O 15. O-O-O f6 16. Rdg1 Nb4 17. Bc4 Nd5 18. R1g4 Bf8 19. Rg3 Qh5 20. Rxd7
Rxd7 21. Qxe6 Bh6 22. Rh3 Bxd2+ 23. Kxd2 Qg6 24. Bxd5 Re8 25. Bxb7+ Kd8 26. Qb3
Qg2 27. Kd3 Qxh3 28. Bc6 Re6 29. Qb7 Rxc6 30. Qa8+ Ke7 31. Qxc6 Qe6 32. Qc5+
Kf7 33. a4 Qd5 34. Qc4 Qxc4+ 35. Kxc4 Ke6 36. Kc5 Rd5+ 37. Kc6 Rf5 38. Ne1 Rxf2
39. c4 Rxb2 40. d5+ Kf5 41. Kxc7 Rb1 42. Nc2 Rc1 43. Na3 Rc3 44. d6 Rxa3 45. d7
Rd3 46. d8=Q Rxd8 47. Kxd8 Ke5 48. Kd7 Kd4 49. Ke6 1/2-1/2

[Event "1st Novi Sad it"]
[Site "Novi Sad"]
[Date "1972.11.09"]
[EventDate "1972.10.23"]
[Round "15.4"]
[White "Masic, Ljubomir"]
[Black "Byrne, Donald"]
[Result "1/2-1/2"]
[WhiteElo "2390"]
[BlackElo "2470"]
[PlyCount "24"]
[Source "Perpetual Check"]

1. Nf3 Nf6 2. g3 g6 3. c4 Bg7 4. Nc3 d5 5. cxd5 Nxd5 6. Bg2 O-O 7. O-O Nc6 8.
Nxd5 Qxd5 9. d3 Qh5 10. Rb1 Bh3 11. Bxh3 Qxh3 12. Be3 Qe6 1/2-1/2

[Event "1st Novi Sad it"]
[Site "Novi Sad"]
[Date "1972.11.09"]
[EventDate "1972.10.23"]
[Round "15.6"]
[White "Rossolimo, Nicolas"]
[Black "Planinc, Albin"]
[Result "0-1"]
[WhiteElo "2450"]
[BlackElo "2520"]
[PlyCount "110"]
[Source "Perpetual Check"]

1. e4 g6 2. d4 Bg7 3. Nc3 d6 4. Be3 c6 5. a4 a5 6. h3 Na6 7. Nf3 Nb4 8. Nb1 f5
9. exf5 gxf5 10. Bc4 Nf6 11. O-O Nbd5 12. Bg5 Ne4 13. Re1 h6 14. Bh4 Nf4 15.
Bg3 Ng6 16. Nh4 Nxh4 17. Qh5+ Kd7 18. Bxh4 Kc7 19. c3 Bd7 20. Qf7 Bf6 21. Bxf6
exf6 22. Be6 Re8 23. Qxd7+ Qxd7 24. Bxd7 Kxd7 25. Na3 d5 26. Re2 Re7 27. Rae1
Rg7 28. f3 Ng3 29. Rd2 f4 30. c4 Nf5 31. cxd5 cxd5 32. Nb5 Nh4 33. Kf1 Rag8 34.
Ree2 Nxf3 35. Rc2 Nh2+ 36. Ke1 f3 37. Rc7+ Kd8 38. Rxg7 Rxg7 39. gxf3 Nxf3+ 40.
Kd1 Rg1+ 41. Kc2 Kd7 42. Re3 Rg2+ 43. Kc1 Rg3 44. Rc3 Rxh3 45. Rc7+ Ke6 46.
Rxb7 h5 47. b4 axb4 48. a5 Rh1+ 49. Kb2 Nd2 50. a6 Nc4+ 51. Kb3 Rb1+ 52. Ka4 b3
53. a7 b2 54. Nc3 Ra1+ 55. Kb3 h4 {time} 0-1

[Event "1st Novi Sad it"]
[Site "Novi Sad"]
[Date "1972.11.09"]
[EventDate "1972.10.23"]
[Round "15.8"]
[White "Benko, Pal"]
[Black "Rakic, Tomislav"]
[Result "1/2-1/2"]
[WhiteElo "2515"]
[BlackElo "2440"]
[PlyCount "41"]
[Source "Perpetual Check"]

1. e4 g6 2. d4 Bg7 3. c4 d6 4. Nc3 Nd7 5. Nf3 e5 6. Be2 Ne7 7. h4 exd4 8. Nxd4
Nc5 9. Be3 f5 10. exf5 Nxf5 11. Nxf5 Bxf5 12. Bd4 Qd7 13. Qd2 O-O-O 14. O-O Kb8
15. Rfe1 Rhe8 16. Bf1 Ne6 17. Be3 c5 18. Nd5 Be4 19. Nc3 Bc6 20. Rad1 Nd4 21.
Ne2 1/2-1/2